Vývoj vzťahov Egypta a veľmocí roku 1955
Britská politika na Blízkom východe v polovici 50. rokov. Opačné ciele dvoch veľmocí ZSSR a USA v medzinárodnej politike na území Blízkeho a Stredného východu v čase studenej vojny.
Salvato in:
| Autore principale: | |
|---|---|
| Natura: | Capitolo di libro |
| Lingua: | slovacco |
| Soggetti: | |
| Tags: |
Nessun Tag, puoi essere il primo ad aggiungerne!!
|
MARC
| LEADER | 00000naa a2200000 4500 | ||
|---|---|---|---|
| 001 | r046879 | ||
| 005 | 20230530130435.8 | ||
| 041 | 0 | |a slo | |
| 044 | |a SK | ||
| 245 | 1 | 0 | |a Vývoj vzťahov Egypta a veľmocí roku 1955 |c Karol Sorby |
| 520 | |a Britská politika na Blízkom východe v polovici 50. rokov. Opačné ciele dvoch veľmocí ZSSR a USA v medzinárodnej politike na území Blízkeho a Stredného východu v čase studenej vojny. | ||
| 610 | 2 | 0 | |a politika medzinárodná |
| 610 | 2 | 0 | |a vzťahy politické medzinárodné |
| 610 | 2 | 0 | |a 1955 |
| 610 | 2 | 0 | |a Egypt |
| 610 | 2 | 0 | |a Blízky východ |
| 610 | 2 | 0 | |a Stredný východ |
| 610 | 2 | 0 | |a ZSSR |
| 610 | 2 | 0 | |a USA |
| 610 | 2 | 0 | |a Veľká Británia |
| 100 | 1 | |a Sorby, Karol R. | |